Villes du Japon A-Z - Statistiques

Statistiques générales
  • Ce quiz a été pris 162 fois
  • Le résultat moyen est 10 sur 17
Statistiques - réponses
Lettre Villes % Correct
T Toyohashi / Toyota / Toyokawa / Tokyo / Takasaki / Tomakomai / Takarazuka / Tsukuba / Takamatsu / Tsu / Toyonada / Takatsuki / Tokorozawa / Tokushima / Tachikawa / Tottori / Toyama / Takaoka
99%
K Kasugai / Kawasaki / Kagoshima / Kyoto / Kumamoto / Kobe / Kariya / Komaki / Kurume / Kashiwa / Kitakyūshū / Koriyama / Kure / Kushiro / Kawanishi / Kakogawa / Kanazawa / Kamakura / Kochi / Kurashiki / Kishiwada / Kawaguchi / Kawagoe / Koshigaya / Kasukabe / Kumagaya / Kodaira / Kofu / Koriyama
97%
N Nagoya / Nagano / Nara / Noda / Narashino / Nagareyama / Nishinomiya / Nagasaki / Niigata / Nagaoka / Naha / Neyagawa / Niiza / Numazu / Nishitokyo
93%
O Okazaki / Oita / Ogaki / Ota / Obihiro / Odawara / Okayama / Osaka / Otsu / Oyama
92%
H Hachinohe / Hiroshima / Hirosaki / Higashihiroshima / Himeji / Hitachi / Hitachinaka / Hiratsuka / Hadano / Hirakata / Higashiōsaka / Hamamatsu / Hachioji / Higashimurayama / Hino
87%
F Fujisawa / Fukushima / Funabashi / Fukuyama / Fukui / Fukuoka / Fuji / Fuchu
82%
S Sakura / Sapporo / Shizuoka / Saitama / Sagamihara / Suzuka / Sendai / Saga / Sasebo / Sakai / Suita / Sayama / Soka / Shimonoseki
78%
Y Yachiyo / Yokohama / Yokkaichi / Yokosuka / Yamato / Yao / Yamagata / Yamaguchi
61%
C Chiba / Chigasaki / Chofu
46%
A Anjo / Akita / Aomori / Asahikawa / Amagasaki / Akashi / Atsugi / Agéo / Ashikaga
44%
M Matsudo / Matsuyama / Maebashi / Mito / Morioka / Matsusaka / Miyazaki / Miyakonojō / Matsumoto / Matsue / Mitaka / Machida
40%
G Gifu
34%
W Wakayama
32%
I Ichinomiya / Ichikawa / Ichihara / Imabari / Iwaki / Isesaki / Itami / Ibaraki / Izumi / Izumo / Iwata
28%
U Urasayu / Utsunomiya / Uji / Ueda / Ube
27%
BDERZ Ebina / Beppu / Zama / Zushi / Ritto / Daito / Ebetsu
15%
J Joetsu
10%
Aucun quiz correspondant
Distribution des résultats
% des personnes avec chaque résultat
Percentile par nombre de réponses
Votre historique - résultats
Vous n’avez pas pris ce quiz